| 000 | 00912cab a2200253 4500 | ||
|---|---|---|---|
| 001 | ABS59859 | ||
| 008 | 090401t1999 xxu||||| |||| 00| 0 eng d | ||
| 035 | _a(Sirsi) u99637 | ||
| 041 | _aeng | ||
| 100 | _aTaylor, D. | ||
| 245 | _aCrazy market, crazy people | ||
| 260 | _c1999 | ||
| 350 | _a0 | ||
| 490 |
_aForestry & British Timber _v28(1) January 1999, 26-28(3) |
||
| 520 | _aDiscussion about land and woodlands and what drives the market for rural property in the UK. Reviews recent woodland sales and comments on the lack of any significant planting. Looks at devolution and it`s effect on woodland sale prices in Wales and notes the possible effect on a devolved Scotland. | ||
| 650 | _aDEVOLUTION | ||
| 650 | _aFORESTRY MARKET | ||
| 650 | _aREINVESTMENT RELIEF | ||
| 650 | _aRURAL PROPERTY | ||
| 650 | _aWOODLAND MARKET | ||
| 690 | _aRURAL PRACTICE | ||
| 942 | _n0 | ||
| 948 | _c05/01/1999 | ||
| 999 |
_c59931 _d59931 |
||